Electric machinery/ (Record no. 23650)
| 000 -BAŞLIK | |
|---|---|
| Sabit Uzunluktaki Kontrol Alanı | 01841nam a22003377a 4500 |
| 001 - KONTROL NUMARASI | |
| Control Dosyası | 0023696 |
| 003 - KONTROL NUMARASI KİMLİĞİ | |
| Kontrol Alanı | KOHA_MİRAKIL |
| 005 - EN SON İŞLEM TARİHİ ve ZAMANI | |
| Kontrol Alanı | 20260207002418.0 |
| 007 - FİZİKSEL TANIM SABİT ALAN - GENEL BİLGİ | |
| Sabit uzunluklu kontrol alanı | ta |
| 008 - SABİT UZUNLUKTAKİ VERİ ÖGELERİ - GENEL BİLGİ | |
| Sabit Alan | 101101b2003 us |||gr||||#||||0|eng | |
| 020 ## - ISBN - ULUSLARARASI STANDART KİTAP NUMARASI | |
| Isbn | 0073660094 |
| Nitelik bilgileri | - 0071121935 |
| 040 ## - KATALOGLAMA KAYNAĞI | |
| Özgün Kataloglama Kurumu | TR-BiSEU |
| Kataloglama Dili | tur |
| Çeviri Kurumu | TR-BiSEU |
| Açıklama Kuralları | rda |
| 041 0# - DİL KODU | |
| Metin ya da ses kaydının dil kodu | eng |
| 044 ## - YAYINLAYAN/ÜRETEN KURULUŞUN ÜLKE KODU | |
| ISO country code | us |
| 050 ## - SINIFLAMA ve YER NUMARASI | |
| Sınıflama Numarası | TK2181 |
| Yer Numarası | .F58 2003 |
| 100 1# - KİŞİ ADI | |
| Yazar Adı (Kişi adı) | Fitzgerald, Arthur Eugene. |
| 245 1# - ESER ADI BİLDİRİMİ | |
| Başlık | Electric machinery/ |
| Sorumluluk Bildirimi | Arthur Eugene Fitzgerald ; A. E. (Arthur Eugene) Fitzgerald ; Charles Kingsley. |
| 250 ## - BASIM BİLDİRİMİ | |
| Basım Bildirimi | 6th ed. |
| 264 #1 - ÜRERİM, YAYIN, DAĞITIM ve TELİF BİLDİRİMİ | |
| Yayın yeri | Boston, Mau. : |
| Yayınlayan | McGraw-Hill |
| Yayın tarihi | 2003 |
| 300 ## - FİZİKSEL TANIMLAMA | |
| Sayfa, Cilt vb. | xv, 688 sayfa: resimli; 24 cm. |
| 336 ## - İÇERİK TÜRÜ | |
| Content type term | metin |
| Content type code | txt |
| Source | rdacontent |
| 337 ## - MEDYA TÜRÜ | |
| Media type term | aracısız |
| Media type code | n |
| Source | rdamedia |
| 338 ## - TAŞIYICI TÜRÜ | |
| Carrier type term | cilt |
| Carrier type code | nc |
| Source | rdacarrier |
| 490 0# - DİZİ BİLDİRİMİ | |
| Dizi Bildirimi | McGraw-Hill series in electrical engineering. |
| 490 0# - DİZİ BİLDİRİMİ | |
| Dizi Bildirimi | Power and energy |
| 505 ## - İÇİNDEKİLER NOTU | |
| İçindekiler Notu | Includes index. |
| 650 #0 - KONU BAŞLIĞI EK GİRİŞ - KONU TERİMİ | |
| Konusal terim veya coğrafi ad | Electric machinery. |
| 9 (RLIN) | 3359 |
| 830 0# - SERİ EK GİRİŞİ - TEKBİÇİM ESER ADI | |
| Tekbiçim Başlık | McGraw-Hill series in electrical engineering. |
| 9 (RLIN) | 48203 |
| 830 0# - SERİ EK GİRİŞİ - TEKBİÇİM ESER ADI | |
| Tekbiçim Başlık | Power and energy |
| 9 (RLIN) | 28478 |
| 942 ## - EK GİRİŞ ÖGELERİ (KOHA) | |
| Source of classification or shelving scheme | Library of Congress Classification |
| Koha item type | Book |
| 505 ## - İÇİNDEKİLER NOTU | |
| -- | Preface |
| -- | Ch. 1 Magnetic Circuits and Magnetic Materials 1 |
| -- | Ch. 2 Transformers 57 |
| -- | Ch. 3 Electromechanical-Energy-Conversion Principles 112 |
| -- | Ch. 4 Introduction to Rotating Machines 173 |
| -- | Ch. 5 Synchronous Machines 245 |
| -- | Ch. 6 Polyphase Induction Machines 306 |
| -- | Ch. 7 DC Machines 357 |
| -- | Ch. 8 Variable-Reluctance Machines and Stepping Motors 407 |
| -- | Ch. 9 Single- and Two-Phase Motors 452 |
| -- | Ch. 10 Introduction to Power Electronics 493 |
| -- | Ch. 11 Speed and Torque Control 559 |
| -- | App. A Three-Phase Circuits 628 |
| -- | App. B Voltages, Magnetic Fields, and Inductances of Distributed AC Windings 644 |
| -- | App. C The dqO Transformation 657 |
| -- | App. D Engineering Aspects of Practical Electric Machine Performance and Operation 668 |
| -- | App. E Table of Constants and Conversion Factors for SI Units 680 |
| -- | Index |
| Materyal Türü | Kalıcı Konum | Mevcut Konum | Raf Yeri | Sınıflandırma Kaynağı | Edinim Bilgisi | Ana Konular | Alt Konular | Yer Numarası | Demirbaş Numarası | Fatura Tarihi | Geri Çekilme Durumu | Kayıp Durumu | Hasarlı Durumu | Kredi için değil | Kayıt Tarih | Toplam Ödünçverme | Son Görülme Tarihi | Son Kontrol Tarihi | Genel / Bağış Notu |
|---|---|---|---|---|---|---|---|---|---|---|---|---|---|---|---|---|---|---|---|
| Book | Prof. Dr. Azmi Özcan Kütüphanesi | Prof. Dr. Azmi Özcan Kütüphanesi | Birûni Salonu | Library of Congress Classification | Bağış | TEKNOLOJİ | Elektrik Mühendisliği, Elektronik, Nükleer Mühendislik | TK2181 .F58 2003 | 0023696 | 14/12/2010 | 01/11/2010 | 3 | 05/12/2024 | 05/12/2024 | Marmara Çağdaş Eğitim Vakfı |
